Statystyki dla Stolice państw europejskich

Kliknij tutaj aby rozwiązać quiz!

Ogólne statystyki

  • Ten quiz został rozwiązany 303 razy
    (297 od ostatniego zresetowania)
  • Średni wynik to 33 z 43

Statystyki odpowiedzi

ZagadnienieOdpowiedź% Poprawnych
FrancjaParyż
99%
WłochyRzym
97%
GrecjaAteny
96%
NiemcyBerlin
96%
PolskaWarszawa
95%
Wielka BrytaniaLondyn
93%
UkrainaKijów
92%
DaniaKopenhaga
90%
AustriaWiedeń
89%
Holandia (Niderlandy)Amsterdam
88%
BelgiaBruksela
88%
AustriaWiedeń
88%
RosjaMoskwa
87%
San MarinoSan Marino
87%
WęgryBudapeszt
85%
NorwegiaOslo
85%
WatykanWatykan
85%
PortugaliaLizbona
84%
ŁotwaRyga
84%
BułgariaSofia
83%
HiszpaniaMadryt
81%
BiałoruśMińsk
81%
IrlandiaDublin
80%
LuksemburgLuksemburg
79%
FinlandiaHelsinki
76%
SłowacjaBratysława
74%
LitwaWilno
74%
Bośnia i HercegowinaSarajewo
72%
AlbaniaTirana
70%
ChorwacjaZagrzeb
69%
SerbiaBelgrad
68%
RumuniaBukareszt
68%
MołdawiaKiszyniów
68%
MonakoMonako
68%
CzarnogóraPodgorica
62%
MacedoniaSkopje
62%
AndoraAndora
61%
SzwecjaSztokholm
59%
KosowoPrisztina
54%
SłoweniaLublana
52%
EstoniaTallin
36%
MaltaValletta
24%
IslandiaRejkiawik
23%

Rozkład punktacji

Percentyl według liczby udzielonych odpowiedzi

Procent ludzi z każdym wynikiem

Twoja historia wyników

Nie rozwiązałeś tego quizu od ostatniego zresetowania